Segelbegriffe - Statistiken

Allgemein
  • Dieses Quiz wurde 55 mal gespielt
  • Das Durchschnittsergebnis liegt bei 8 aus 15
Antwortstatistiken
Hint Antwort % Korrekt
Rechts Steuerbord
91%
Links Backbord
89%
Vorderseite Bug
82%
Wind zugewandte Seite Luv
68%
Wind abgewandte Seite Lee
66%
Küche Kombüse
64%
Schlafplatz Koje
57%
Bootskörper Rumpf
52%
Steuerblatt Ruder
48%
Hinten Achtern
43%
Segelfläche verkleinern reffen
41%
Steuerhebel Pinne
39%
kleine Vorsegel Fock
36%
Windanzeiger Verklicker
36%
Boden Deck
34%
Keine übereinstimmenden Quizze gefunden
Verteilung der Resultate
Anzahl Personen mit jedem Resultat
Perzentil nach korrekt beantworteten Fragen
Ihre Resultats-Entwicklung
Sie haben dieses Quiz noch nicht gespielt